La revolución inglesa / (Record no. 140992)

MARC details
000 -LEADER
campo de control de longitud fija 00685nam a2200193 i 4500
001 - NÚMERO DE CONTROL
campo de control 140992
003 - IDENTIFICADOR DE NÚMERO DE CONTROL
campo de control ES-MaACL
005 - FECHA Y HORA DE LA ÚLTIMA TRANSACCIÓN
campo de control 20230906200210.0
007 - CAMPO FIJO DE DESCRIPCIÓN FÍSICA--INFORMACIÓN GENERAL
campo de control de longitud fija t|
008 - DATOS DE LONGITUD FIJA--INFORMACIÓN GENERAL
campo de control de longitud fija 070918s1971 sp ||||1| spa d
100 1# - ENTRADA PRINCIPAL--NOMBRE DE PERSONA
Nombre de persona Walter, Gérard.
9 (RLIN) 116007
245 13 - MENCIÓN DEL TÍTULO
Título La revolución inglesa /
Mención de responsabilidad, etc. por Gerard Walter ; Cosas de España / por Gerard Walter ; La sociedad y la cultura europeas / por Antonio Jutglar ; [traducido por J. Mª Zainqui y otros].
250 ## - MENCION DE EDICION
Mención de edición [1ª ed.].
260 ## - PUBLICACIÓN, DISTRIBUCIÓN, ETC.
Lugar de publicación, distribución, etc. Barcelona :
Nombre del editor, distribuidor, etc. Grijalbo,
Fecha de publicación, distribución, etc. 1971.
300 ## - DESCRIPCIÓN FÍSICA
Extensión 648 p., 11 lám. ;
Dimensiones 22 cm.
700 1# - ENTRADA AGREGADA--NOMBRE PERSONAL
Nombre de persona Jutglar, Antoni.
9 (RLIN) 67368
700 1# - ENTRADA AGREGADA--NOMBRE PERSONAL
Nombre de persona Zainqui, José María.
9 (RLIN) 117857
852 ## - LOCALIZACIÓN
Ubicación ES-MaACL
Número de control de estantería C-38780
Sublocalización o colección R.77300
Holdings
Estatus retirado Estado de pérdida Estado de daño No para préstamo Biblioteca de origen Biblioteca actual Ubicación en estantería Fecha de adquisición Fuente de adquisición Total de préstamos Signatura topográfica completa Código de barras Visto por última vez Precio de reemplazo Tipo de ítem Koha
        Biblioteca del Ateneo de Madrid Biblioteca del Ateneo de Madrid Depósito 2 17/01/2008     C-38780 1146709 23/02/2023 23/02/2023 Libro impreso